| 000 | 00372nam a2200145Ia 4500 | ||
|---|---|---|---|
| 008 | 230917s9999||||xx |||||||||||||| ||und|| | ||
| 040 |
_e50691 _aMAIN |
||
| 041 | _aEnglish | ||
| 082 | _a824.09 L579A | ||
| 100 | _aLevine, George, ed | ||
| 245 | 4 | _aThe art of victorian prose | |
| 260 |
_aNew York _bOxford University Press _c1968 |
||
| 300 | _axxi, 378 p. | ||
| 942 | _cBK | ||
| 999 |
_c191532 _d191532 |
||